Countries that Sanctionned the most Russia - Statistics

General Stats
  • This quiz has been taken 179 times
  • The average score is 5 of 7
Answer Stats
Sanctions Countries % Correct
2,668 United States
99%
1,621 United Kingdom
95%
1,943 Canada
92%
962 Japan
84%
1,194 Australia
73%
1,373 France
65%
1,662 Switzerland
43%
No matching quizzes found
Score Distribution
Percent of People with Each Score
Percentile by Number Answered
Your Score History
You have not taken this quiz